Países con 'V', 'Y' y 'Z' - Estadísticas

Estadísticas generales
  • Esta prueba ha sido intentada 36 veces
    35 desde el último reinicio
  • La puntuación promedio es 6 de 7
Estadísticas de respuestas
País % Correcto
Yemen
96%
Zambia
96%
Zimbabue
96%
Vanuatu
92%
Venezuela
88%
Vietnam
80%
Yibuti
80%
No se encontraron pruebas coincidentes
Distribución de puntuación
Porcentaje de gente con cada puntuación
Porcentaje por número respondido
Historial de tus puntuaciones
No has intentado esta prueba desde el último reinicio